| 000 | 00850nam a2200229 4500 | ||
|---|---|---|---|
| 001 | 39265 | ||
| 003 | BD-RjUL | ||
| 005 | 20211209052944.0 | ||
| 008 | 160406b bg||||| |||| 00| 0 ben d | ||
| 020 |
_a9840850704 _c: Tk. 1200.00 |
||
| 035 | _a(BD-RjUL)39378 | ||
| 040 |
_aBD-RjUL _bben _cBD-RjUL |
||
| 041 | _aben | ||
| 082 |
_223 _a582.13095492 _bJAB 2011 |
||
| 100 |
_aজাহান, এন. এস. নওরোজ _9121075 |
||
| 245 |
_aবাংলাদেশের ফুলের রাজ্যে / _cএন. এস. নওরোজ জাহান |
||
| 260 |
_aঢাকা : _bবাংলা একাডেমী, _c২০১১ |
||
| 300 |
_a[৮], ২২৪ পৃ.: _bচিত্র; _c২৫ সেমি. |
||
| 650 |
_aFlowers -- Bangladesh. _9121076 |
||
| 650 |
_aফুল - বাংলাদেশ . _9121077 |
||
| 942 |
_2ddc _cBK |
||
| 999 |
_c39265 _d39265 |
||